40 największych miast w PL - Statystyki

Ogólne statystyki
  • Ten quiz został rozwiązany 149 razy
  • Średni wynik to 32 z 40
Statystyki odpowiedzi
Hint Odpowiedź % Poprawnych
2 Kraków
99%
1 Warszawa
99%
4 Wrocław
99%
6 Gdańsk
98%
3 Łódź
98%
5 Poznań
98%
7 Szczecin
98%
10 Białystok
96%
12 Gdynia
96%
18 Rzeszów
96%
8 Bydgoszcz
94%
11 Katowice
94%
9 Lublin
94%
24 Zielona-Góra
91%
27 Opole
90%
14 Radom
89%
15 Toruń
89%
21 Olsztyn
87%
19 Gliwice
85%
17 Kielce
85%
13 Częstochowa
82%
16 Sosnowiec
80%
20 Zabrze
78%
31 Elbląg
73%
33 Koszalin
73%
22 Bielsko-Biała
72%
36 Chorzów
72%
32 Płock
70%
28 Tychy
70%
38 Kalisz
69%
39 Legnica
68%
37 Wałbrzych
68%
34 Tarnów
67%
23 Bytom
64%
29 Gorzów WLKP
62%
35 Włocławek
62%
25 Rybnik
61%
30 Dąbrowa górnicza
60%
26 Ruda Śląska
57%
40 Grudziądz
44%
Nie znaleziono quizów pasujących do podanych kryteriów
Rozkład punktacji
Procent ludzi z każdym wynikiem
Percentyl według liczby udzielonych odpowiedzi
Twoja historia wyników
Nie rozwiązałeś tego quizu